Quizzes
Events
Quiz Creation
Community
Videos
Private Events
Remove Ads
Sign In
Join for FREE
Feedback
Dark Mode
Quiz Categories
Sports
Geography
Music
Movies
Television
Just For Fun
Miscellaneous
History
Literature
Language
Science
Gaming
Entertainment
Religion
Holiday
For Kids
Quiz Lab
Recent
Popular Today
Quiz Kudos Today
Editor Picks
Curator Picks
Quizzes by...
Day
Popularity
Type
Ratings
Length
Year
Community
Subscriptions
Recent Discussions
Orange Saloon
Badges
Playlists
Quests
Create
Leaderboards
Showdown
Live 5
Trivia Bingo
Activity
Puzzle Library
Sporcle Events
Private Events
Virtual Trivia
Globe League
Become a Host
Pub Owners
SporcleCon
Opinionation
Our Games
Videos
Blog
Mobile Apps
Partnerships
Remove Ads and Go Orange
Feedback
Miscellaneous
Crossword
General Knowledge
Baby Names
Logo
Food
Cars
Numbers
Grab Bag
University
College
Popular
Company
Slogans
Restaurants
Justice
Letter
Miscellaneous
Crossword
General Knowledge
Baby Names
Logo
Food
Cars
Numbers
Grab Bag
University
College
Popular
Company
Slogans
Restaurants
Justice
Letter
Random Quiz
Search Sporcle
×
Quiz Lab
Quiz Lab
Miscellaneous
Person
Type in answers that appear in a list
Type in answers that appear in a list
Classic
Best Score? Go Orange.
House 8 Random Trivia Stats
Can you name the House 8 Random Trivia?
By
houseGR8
4m
30 Questions
23 Plays
23 Plays
23 Plays
Comments
Comments
Give Quiz Kudos
Give Quiz Kudos
-
- Ratings
hide this ad
Forced Order
Answers have to be entered in order
Answers have to be entered in order
Random Order
Randomize order of answers
Randomize order of answers
Replay
Link that replays current quiz
Next Quiz
Link to next quiz in quiz playlist
You Got
0%
They Got
Avg Score
79%
Avg Friend Score
Upgrade to see
Score Distribution
Jump to the score distribution portion of the page
Score
0/30
Timer
04:00
0
Plays Today
Random Trivia
Person
% Correct
Who doesn't go to lectures?
Joe
95.7%
Who never shuts up about their gap year/
thinks life is short and that we should party naked?
Robin
95.7%
Who is annoyingly talented?
Natalie or Alina
91.3%
Who makes innuendos about everything?
Laino
91.3%
Who goes hard or goes home?
Inigo
91.3%
Who is the best gamer in house 8?
Tom
91.3%
Who is the best at ironing?
Adrian
91.3%
Who is the biggest geography freak?
Laino
91.3%
Who has the best room?
Julia or Alina
91.3%
Who appeared on 'The Hoobs'?
Tom
87%
Who has done everything?
Robin or Calum
87%
Who frequents Subway almost everyday?
Will or Boocock
87%
Who takes retard pills?
James
87%
Who knows everyone?
Freddie
82.6%
Who has the best bed?
Alina
82.6%
Random Trivia
Person
% Correct
Who can't tell their left from their right?
Bridget
82.6%
Who is the lone wolf of House 8?
Inigo
78.3%
Who is the best dancer?
Johnny/James
78.3%
Who is the most aggressive drunk?
Adrian
78.3%
Who is the best storyteller?
Alex
73.9%
Who appeared on X Factor (twice)?
Will
73.9%
Who is an alcoholic?
Boocock
69.6%
Who complains the most about work?
Julia
69.6%
Whose bra is like the Mary Poppins bag?
Julia
69.6%
Who wears the coolest socks?
Adrian
65.2%
Who is the most racist person in House 8?
Bridget
65.2%
Who makes the most your mum/
that's what she said jokes?
Bridget or Adrian
65.2%
Who eats the most?
Inigo
60.9%
If life gives you melons...
you're dyslexic
60.9%
Who has broken windows?
Joe or Freddie or Laino
52.2%
Quiz Playlist
Details
Report
Send in Message
Add To Playlist
Classic:
Type in answers that appear in a list
Forced Order:
Answers have to be entered in order
Random Order:
Randomize order of answers
Last Updated: Feb 16, 2017
Quiz Scoreboard
CHALLENGE
Sign Up to Join the Scoreboard
Show All
Scores
Hide
Comments
May contain spoilers
Recently Published
Presidents Visiting Landmarks
by Hejman
History
7m
An Introduction to Baseball
by treessimontrees
Sports
5m
Movies - When Are They Set?
by FPL_Elf
Movies
5m
More to Explore
Quiz From the Vault
Featured Blog Post
Where Did the Easter Bunny Come From?
hide this ad
You Might Also Like...
Tags
house
Person
Today's Top Quizzes in Miscellaneous
Browse Miscellaneous
hide this ad
Today's Top Quizzes in Person
Browse Person
Top Contributed Quizzes in Miscellaneous
1
5-to-1: Fast Food
2
The JOE quick-fire general knowledge quiz: Day 174
3
The JOE quick-fire general knowledge quiz: Day 173
4
The JOE quick-fire general knowledge quiz: Day 172
5
5-to-1: Cocktails
6
Sunday Crossword: Famous Bodies of Water
7
One Thing in Common: United Kingdom II
8
The JOE quick-fire general knowledge quiz: Day 171
9
Named After an Animal - Odd One Out!
10
The JOE quick-fire quiz: Day 170
Explore More
Trending Topics
NBA
Anime
Disney
Marvel
Crossword
Harry Potter
Kpop
The Office
NFL
Song
Pokémon
Puzzle
WWE
Soccer
Country
hide this ad
More By:
houseGR8
Quiz
Plays
Rating
Category
Featured
Created
House 8 Random Trivia
23
Miscellaneous
Nov 29, 2009
Go to Creator's Profile
Score Distribution
Quiz Creator Spotlight
houseGR8
Follow
Send a Message
Quizzes Created
-
Created Quiz Play Count
-
More By This Creator
Popular Quizzes Today
1
Find the US States - No Outlines Minefield
2
Find the Countries of Europe - No Outlines Minefield
3
The Countries of the World
4
Find the US States
5
Popular People in 1961
6
US States
7
Risky Map Clicking: Biggest States A-Z
8
Movies - When Are They Set?
More Miscellaneous Quizzes
Choose the Bald-Faced Lie
Published
Trending Quizzes
Risky Map Clicking: Least Populous States A-Z
1-10 Letter G Words
1-10 Letter F Words
Risky Map Clicking: Next State Alphabetically
Risky Map Clicking: Biggest States A-Z
Recently Updated
Leaping Animals
pecheneg
Reality TV Shows (A-Z)
bhenderson79
Rickey Henderson's Hall of Fame Teammates
pecheneg
Champions League XIs: Arsenal
pecheneg
Quick Pick: Celebrities in WWE's Hall of Fame
aduchscher
A-Z Keypad Blitz II
pecheneg
Multiple Oscar Actors
pecheneg
Mystery Phrase Blitz: Oscar 'Best Actors'
pecheneg
F. Scott Fitzgerald Novels
LTH
Pick 3 Villains
ddd62291
Trending Topics
NBA
Crossword
Marvel
Anime
Harry Potter
Kpop
Disney
NFL
Soccer
Song
The Office
WWE
Country
Pokémon
Puzzle
Your Account Isn't Verified!
In order to create a playlist on Sporcle, you need to verify the email address you used during registration. Go to your
Sporcle Settings
to finish the process.
Report this User
Report this user for behavior that violates our
Community Guidelines
.
Details:
Send Report
Go to the Sporcle.com Mobile Site →
Comments